<?xml version="1.0" encoding="UTF-8"?>
<collection xmlns="http://www.loc.gov/MARC21/slim">
 <record>
  <leader>01895nab a2200241 i 4500</leader>
  <controlfield tag="001">acta2734</controlfield>
  <controlfield tag="005">20260204103014.0</controlfield>
  <controlfield tag="008">161015s1987    hu      o     000   hun d</controlfield>
  <datafield tag="022" ind1=" " ind2=" ">
   <subfield code="a">0324-6965</subfield>
  </datafield>
  <datafield tag="040" ind1=" " ind2=" ">
   <subfield code="a">SZTE Egyetemi Kiadványok Repozitórium</subfield>
   <subfield code="b">hun</subfield>
  </datafield>
  <datafield tag="041" ind1=" " ind2=" ">
   <subfield code="a">hun</subfield>
  </datafield>
  <datafield tag="041" ind1=" " ind2=" ">
   <subfield code="a">fre</subfield>
  </datafield>
  <datafield tag="041" ind1=" " ind2=" ">
   <subfield code="a">rus</subfield>
  </datafield>
  <datafield tag="100" ind1="1" ind2=" ">
   <subfield code="a">Tóth Sándor</subfield>
  </datafield>
  <datafield tag="245" ind1="1" ind2="0">
   <subfield code="a">Kabarok és fekete magyarok</subfield>
   <subfield code="h">[elektronikus dokumentum] /</subfield>
   <subfield code="c"> Tóth Sándor</subfield>
  </datafield>
  <datafield tag="260" ind1=" " ind2=" ">
   <subfield code="a">University of Szeged, Magyar Medievisztikai Kutatócsoport</subfield>
   <subfield code="b">Szeged</subfield>
   <subfield code="c">1987</subfield>
  </datafield>
  <datafield tag="300" ind1=" " ind2=" ">
   <subfield code="a">23-29</subfield>
  </datafield>
  <datafield tag="490" ind1="0" ind2=" ">
   <subfield code="a">Acta Universitatis Szegediensis : acta historica</subfield>
   <subfield code="v">84</subfield>
  </datafield>
  <datafield tag="520" ind1="3" ind2=" ">
   <subfield code="a">Les groupes khazars quittant leur pays avant 881 ont rejoint le fédéralisme tribal hongrois. Ils ont pris un nom commun (kabar) et sous la conduite d'un chef plutôt comme tribu que fédéralisme tribal ils ont rejoint les tribus hongroises. La liaison de l'organisme des deux peuples peut être exprimée par la formule 1(3)+1. Selon certaines opinions, les Hongrois noirs apparaissant dans la première décennie du XIe  siècle sont les descendants des Kabars disparus des sources à partir de 950. Les Hongrois noirs des sources de la première décennie du XIe  siècle (Ademarus Cabbanensis, Bruno de Querfurt) étaient en opposition avec le roi Etienne et avec le christianisme soutenu par celui-ci. Pour cause chronologique, on doit exclure le peuple d'Ajtony des rangs des Hongrois noirs; de même les Kabars d'Aba Samuel, à cause de la relation de parenté et d'alliance avec Etienne sont à exclure des Hongrois noirs qui pouvaient habiter les territoires de Koppâny de la Transdanubie du Sud et les territoires de Gyula en Transylvanie.</subfield>
  </datafield>
  <datafield tag="650" ind1=" " ind2="4">
   <subfield code="a">Bölcsészettudományok</subfield>
  </datafield>
  <datafield tag="650" ind1=" " ind2="4">
   <subfield code="a">Történettudomány és régészet</subfield>
  </datafield>
  <datafield tag="695" ind1=" " ind2=" ">
   <subfield code="a">Kabarok története, Őstörténet - magyar</subfield>
  </datafield>
  <datafield tag="856" ind1="4" ind2="0">
   <subfield code="u">http://acta.bibl.u-szeged.hu/2734/1/historica_084_023-029.pdf</subfield>
   <subfield code="z">Dokumentum-elérés </subfield>
  </datafield>
 </record>
</collection>
